Tilastot visalle Kemialliset merkit

Klikkaa tästä pelataksesi tätä visaa!

Yleistilastot

  • Tätä visaa on pelattu 127 kertaa
  • Keskiarvotulos 12 / 24

Vastaustilastot

MerkkiAlkuaine% Oikein
HeHelium
93%
MgMagnesium
91%
AlAlumiini
88%
ZnSinkki
86%
NTyppi
84%
UUraani
72%
FFluori
70%
TiTitaani
65%
IJodi
63%
SiPii
61%
XeKsenon
56%
RnRadon
46%
GaGallium
43%
CoKoboltti
42%
KrKrypton
32%
WVolframi
27%
PoPolonium
26%
YbYtterbium
23%
VVanadiini
22%
EsEinsteinium
19%
OsOsmium
18%
BhBohrium
15%
LuLutetium
15%
DsDarmstadtium
10%

Tulosjakauma

Persentiili vastausten määrän mukaan

Jokaisen tuloksen saaneiden osuus

Tuloshistoriasi

Et ole pelannut tätä visaa